Zákazníkov oslovujú výrobky v akcii a privátky

Podľa údajov Spotrebiteľského panelu GfK až tretina z výdavkov na mrazené produkty smerovala na nákupy za zvýhodnenú cenu. Medziročne výrazne posilnili vlastné značky reťazcov.

Enregistré dans:
Détails bibliographiques
Format: Chapitre de livre
Langue:slovaque
Sujets:
Tags: Ajouter un tag
Pas de tags, Soyez le premier à ajouter un tag!

MARC

LEADER 00000naa a2200000 4500
001 0305379
005 20241129122349.9
041 0 |a slo 
044 |a SK 
245 1 0 |a Zákazníkov oslovujú výrobky v akcii a privátky 
520 |a Podľa údajov Spotrebiteľského panelu GfK až tretina z výdavkov na mrazené produkty smerovala na nákupy za zvýhodnenú cenu. Medziročne výrazne posilnili vlastné značky reťazcov. 
610 2 0 |a potraviny mrazené 
610 2 0 |a značky privátne 
610 2 0 |a preferencie spotrebiteľské 
610 2 0 |a dopyt spotrebiteľský 
610 2 0 |a výdavky domácností